Problemas de física: mecánica, electromagnetismo, ondas

Sparad:
Bibliografiska uppgifter
Huvudupphovsmän: Belmar, Francisco (Författare, medförfattare), Cervera, Francisco (Författare, medförfattare), Estellés, Hermelando (Författare, medförfattare)
Materialtyp: Bok
Språk:spanska
Publicerad: Albacete Tébar Flores 1998
Ämnen:
Taggar: Lägg till en tagg
Inga taggar, Lägg till första taggen!

MARC

LEADER 00000nam a2200000 a 4500
001 UCQ9381
003 CL-VaPUC
008 981230e19980000SP |||||||||||||||||spa|d
082 0 4 |a 530  |b BEL  |2 21 
100 0 |a Belmar, Francisco  |e author  |9 423890 
700 0 |a Cervera, Francisco  |e author  |9 423891 
700 0 |a Estellés, Hermelando  |e author  |9 423892 
245 1 0 |a Problemas de física: mecánica, electromagnetismo, ondas  
300 |a 299 p 
942 |c BK 
945 |d 19981230 00:00:00  |a aarredon 
260 |a Albacete  |b Tébar Flores  |c 1998 
650 0 |a Física   |9 227844 
650 0 |a Mecánica   |9 260096 
650 0 |a Electromagnetismo   |9 260123 
650 0 |a Ondas  |9 260165 
650 0 |a Análisis vectorial   |9 260451 
650 0 |a Corriente alterna   |9 260070 
650 7 |a CAMPOS MAGNETICOS  |2 CL-VaPUC  |9 423893 
583 |a last modification  |c 19981230 00:00:00  |k Rodrigo Vera 
999 |c 278397  |d 278395